000 00470 a2200133 4500
001 ART_45507
005 20260410162011.0
008 260409a
245 1 0 _aEficiencia técnica de la lechería pampeana. Fronteras estocásticas con heterogeneidad observada y no observada
100 1 _aPace Guerrero, Ignacio
700 1 _aGastaldi, Laura Beatriz
700 1 _aGatti, Nicolás
773 0 _tCuadernos del CIMBAGE
_g- Nº 19 (mayo 2017)
_wREV34895
999 _c32207
_d32207